000 00384nam a2200157Ia 4500
008 210210b1994 xxu||||| |||| 00| 0 eng d
020 _a81 85698 14 7
082 _a032.02 DUNB
100 _aDUNBAR (F L).
245 _aBook of facts.
260 _aNew Delhi.
_bCastle Books Pvt Ltd.,
_c1994
300 _a640
650 _aFacts
690 _aGeneral Knowledge
906 _a048181
999 _c97320
_d97320